[Event "ODJM C 2019"]
[Site "Willingen GER"]
[Date "2019.06.10"]
[Round "3"]
[White "Wilmink, Luca"]
[Black "Hapke, Lara"]
[Result "1-0"]
[Termination "normal"]
[Board "17"]
[WhiteElo "1283"]
[BlackElo "1358"]
[PlyCount "83"]
[WhiteFideId "16245253"]
[BlackFideId "12996572"]
[EventCountry "GER"]
[EventRounds "9"]
[EventType "swiss"]
[EventDate "2019.06.08"]

1. e4 c5 2. Nf3 Nc6 3. d4 cxd4 4. Nxd4 Nf6 5. Nc3 e5 6. Nxc6 bxc6 7. Bc4 Bb4 8.
Bd2 O-O 9. O-O Bxc3 10. Bxc3 Nxe4 11. Bxe5 Re8 12. Bd4 d5 13. Bd3 Qg5 14. Be3
Qh4 15. Qf3 Bg4 16. Qf4 d4 17. Bxd4 Qg5 18. Qxg5 Nxg5 19. Rfe1 Ne6 20. Bc3 Nc5
21. Rxe8+ Rxe8 22. Bf1 Na4 23. Bd4 Rd8 24. Bxa7 Nxb2 25. f3 Bf5 26. Re1 h6 27.
g3 Bh7 28. Bb6 Ra8 29. Bd4 Na4 30. c3 c5 31. Bf2 Kf8 32. Ra1 Ra5 33. Be1 Ra8
34. f4 Be4 35. Kf2 Bd5 36. Bg2 Bc4 37. Bxa8 Nb2 38. Ke3 Nd3 39. a4 Nxe1 40.
Rxe1 Bb3 41. a5 Bc4 42. Bb7 1-0

[Event "ODJM C 2019"]
[Site "Willingen GER"]
[Date "2019.06.10"]
[Round "3"]
[White "Rudolph, Alexander"]
[Black "Fahlbusch, Niclas"]
[Result "1-0"]
[Termination "normal"]
[Board "18"]
[WhiteElo "1414"]
[BlackElo "1057"]
[PlyCount "47"]
[WhiteFideId "16275748"]
[BlackFideId "16271548"]
[EventCountry "GER"]
[EventRounds "9"]
[EventType "swiss"]
[EventDate "2019.06.08"]

1. e4 c5 2. Nf3 e6 3. d4 cxd4 4. Nxd4 Nc6 5. Nc3 Qc7 6. Ndb5 Qb8 7. Be2 a6 8.
Nd4 Qc7 9. O-O Nf6 10. Kh1 h5 11. Bg5 Be7 12. f4 e5 13. Nf5 Ng4 14. Bxg4 hxg4
15. Qxg4 d6 16. Bxe7 Nxe7 17. fxe5 dxe5 18. Nxg7+ Kf8 19. Ne6+ Ke8 20. Nxc7+
Kd8 21. Qg7 Rg8 22. Qxe5 Nc6 23. Qd6+ Bd7 24. Rad1 1-0

[Event "ODJM C 2019"]
[Site "Willingen GER"]
[Date "2019.06.10"]
[Round "3"]
[White "Bartelheimer, Erik"]
[Black "Buchholz, Jan Robert"]
[Result "1/2-1/2"]
[Termination "normal"]
[Board "19"]
[WhiteElo "1053"]
[BlackElo "1229"]
[PlyCount "129"]
[WhiteFideId "16279352"]
[BlackFideId "16286537"]
[EventCountry "GER"]
[EventRounds "9"]
[EventType "swiss"]
[EventDate "2019.06.08"]

1. e4 c5 2. Nc3 g6 3. g3 Bg7 4. Bg2 Nc6 5. d3 d6 6. Be3 Bd7 7. Qd2 Rb8 8. h4
Nf6 9. Bh6 O-O 10. h5 b5 11. hxg6 fxg6 12. Bxg7 Kxg7 13. Qh6+ Kh8 14. Nd5 Rf7
15. Nxf6 exf6 16. Qxg6 Ne5 17. Qh6 Ng4 18. Qf4 Qe7 19. O-O-O f5 20. Rf1 fxe4
21. Qd2 exd3 22. cxd3 Rbf8 23. f3 Qe3 24. Qxe3 Nxe3 25. Rf2 Nxg2 26. Rxg2 Bc6
27. Rf2 Bxf3 28. Nxf3 Rxf3 29. Rxf3 Rxf3 30. Rg1 Rxd3 31. g4 Kg7 32. Kc2 Rd4
33. Re1 Rxg4 34. Re7+ Kg6 35. Rxa7 Rd4 36. Ra8 h5 37. Rg8+ Kf5 38. Rh8 h4 39.
Rh5+ Kg4 40. Rh6 h3 41. b3 b4 42. Rg6+ Kf3 43. Rf6+ Kg2 44. Rg6+ Kh1 45. Rg5 h2
46. Rg3 Rf4 47. Kd3 Rf2 48. Ke4 Rg2 49. Re3 Rxa2 50. Kf3 Rg2 51. Re1+ Rg1 52.
Re2 Rb1 53. Kf2 Rd1 54. Rc2 d5 55. Rxc5 Rd2+ 56. Kf3 Rd3+ 57. Kf2 Rd1 58. Rb5
Rd2+ 59. Kf1 d4 60. Rxb4 d3 61. Rd4 Rd1+ 62. Kf2 Rd2+ 63. Kf1 Rd1+ 64. Kf2 Rd2+
65. Kf1 1/2-1/2

[Event "ODJM C 2019"]
[Site "Willingen GER"]
[Date "2019.06.10"]
[Round "3"]
[White "Ott, Linda"]
[Black "Malinowsky, Celina"]
[Result "0-1"]
[Termination "normal"]
[Board "20"]
[WhiteElo "1122"]
[BlackElo "1109"]
[PlyCount "36"]
[WhiteFideId "12992453"]
[BlackFideId "16266986"]
[EventCountry "GER"]
[EventRounds "9"]
[EventType "swiss"]
[EventDate "2019.06.08"]

1. e4 e5 2. Nf3 Nc6 3. Bb5 a6 4. Ba4 Bc5 5. d3 d6 6. c3 Bg4 7. h3 Bh5 8. O-O
Qf6 9. Nbd2 Nge7 10. Re1 Ng6 11. g4 Nf4 12. gxh5 Nxh3+ 13. Kh2 Nxf2 14. Qe2
Qf4+ 15. Kg1 Nxd3+ 16. Nd4 Nxe1 17. Qxe1 exd4 18. Nb3 Qg4+ 0-1

[Event "ODJM C 2019"]
[Site "Willingen GER"]
[Date "2019.06.10"]
[Round "3"]
[White "Frank, Cillian"]
[Black "Borriss, Emma"]
[Result "1-0"]
[Termination "normal"]
[Board "21"]
[WhiteElo "1309"]
[BlackElo "1052"]
[PlyCount "121"]
[WhiteFideId "16245202"]
[BlackFideId "16287517"]
[EventCountry "GER"]
[EventRounds "9"]
[EventType "swiss"]
[EventDate "2019.06.08"]

1. e4 e5 2. f4 exf4 3. Nf3 Nc6 4. Bc4 Bc5 5. d4 Bb6 6. O-O d6 7. Kh1 Bg4 8. c3
Nf6 9. Re1 O-O 10. Bxf4 Re8 11. Nbd2 d5 12. exd5 Nxd5 13. Rxe8+ Qxe8 14. Bxd5
Qd7 15. Bxc6 bxc6 16. Ne5 Bxd1 17. Nxd7 Bg4 18. Nxb6 cxb6 19. h3 Be6 20. Nf3 f6
21. a3 Kf7 22. Re1 h6 23. Nd2 g5 24. Bg3 Bd5 25. Ne4 Bxe4 26. Rxe4 Kg6 27. Re6
c5 28. dxc5 bxc5 29. Rc6 h5 30. Rxc5 h4 31. Bf2 Rb8 32. Bd4 Rb6 33. Rxg5+ fxg5
34. Bxb6 axb6 35. b4 Kf6 36. a4 Ke6 37. a5 bxa5 38. bxa5 Kd7 39. Kg1 Kc7 40.
Kf2 Kb7 41. Kf3 Ka6 42. Kg4 Kxa5 43. Kxg5 Kb5 44. Kxh4 Kc6 45. g4 Kd7 46. g5
Ke7 47. Kh5 Kf7 48. Kh6 Kg8 49. g6 Kh8 50. g7+ Kg8 51. c4 Kf7 52. Kh7 Ke6 53.
g8=Q+ Ke5 54. Qd5+ Kf6 55. Kh6 Ke7 56. Qc6 Kf7 57. Kg5 Ke7 58. Kf5 Kf7 59. Qd7+
Kf8 60. Kf6 Kg8 61. Qg7# 1-0

[Event "ODJM C 2019"]
[Site "Willingen GER"]
[Date "2019.06.10"]
[Round "3"]
[White "Pauser, Kilian"]
[Black "Hubert, Nikita"]
[Result "1/2-1/2"]
[Termination "normal"]
[Board "22"]
[WhiteElo "995"]
[BlackElo "1181"]
[PlyCount "54"]
[WhiteFideId "16287584"]
[BlackFideId "16235754"]
[EventCountry "GER"]
[EventRounds "9"]
[EventType "swiss"]
[EventDate "2019.06.08"]

1. e4 e5 2. Nf3 Nc6 3. Bc4 Bc5 4. b4 Nxb4 5. c3 Nc6 6. d4 exd4 7. O-O dxc3 8.
Bxf7+ Kxf7 9. Qd5+ Ke8 10. Qxc5 d6 11. Qxc3 Nf6 12. e5 Nxe5 13. Nxe5 dxe5 14.
Qxe5+ Qe7 15. Qc3 Kf7 16. Ba3 Qd8 17. Nd2 Re8 18. Rad1 Bd7 19. Qb3+ Be6 20.
Qxb7 Bxa2 21. Nc4 Nd7 22. Qf3+ Kg8 23. Qd5+ Kh8 24. Bb2 Nf6 25. Bxf6 Qxf6 26.
Rde1 Qa6 27. Rc1 c6 1/2-1/2

[Event "ODJM C 2019"]
[Site "Willingen GER"]
[Date "2019.06.10"]
[Round "3"]
[White "Jagodzinsky, Lukas"]
[Black "Wartenberg, Alexander"]
[Result "1/2-1/2"]
[Termination "normal"]
[Board "25"]
[WhiteElo "1026"]
[BlackElo "1002"]
[PlyCount "108"]
[WhiteFideId "16233255"]
[BlackFideId "16280768"]
[EventCountry "GER"]
[EventRounds "9"]
[EventType "swiss"]
[EventDate "2019.06.08"]

1. e4 e5 2. Nf3 Nf6 3. Nc3 Nc6 4. d4 exd4 5. Nxd4 Bb4 6. Nxc6 Bxc3+ 7. bxc3
bxc6 8. Bd3 Qe7 9. Bg5 h6 10. Bh4 Qe5 11. Bxf6 Qxf6 12. Qd2 O-O 13. O-O d5 14.
exd5 cxd5 15. Rfe1 Bb7 16. Rab1 Qc6 17. Bb5 Qg6 18. g3 Rab8 19. Qd3 Qf6 20. Re2
Ba6 21. Ree1 Bxb5 22. Rxb5 Rxb5 23. Qxb5 Qxc3 24. Qe2 Qf6 25. Qe5 Qxe5 26. Rxe5
Rd8 27. Re7 Rc8 28. Rd7 f6 29. Rxd5 Kf7 30. Kg2 Ke6 31. Rb5 Kd6 32. Rb7 Ra8 33.
Rb4 c5 34. Rg4 Rg8 35. c4 a5 36. a4 g5 37. Re4 f5 38. Re1 Rb8 39. Rd1+ Kc6 40.
f4 gxf4 41. gxf4 Rb4 42. Rc1 Rxa4 43. Kg3 Ra2 44. Kh4 Rxh2+ 45. Kg3 Ra2 46. Kh4
a4 47. Kh5 Rh2+ 48. Kg6 h5 49. Ra1 h4 50. Kxf5 h3 51. Rxa4 Rg2 52. Ra1 h2 53.
Rh1 Rc2 54. Ke6 Rxc4 1/2-1/2

[Event "ODJM C 2019"]
[Site "Willingen GER"]
[Date "2019.06.10"]
[Round "3"]
[White "Engels, Marlene"]
[Black "Burdett, Sabah"]
[Result "1/2-1/2"]
[Termination "normal"]
[Board "26"]
[WhiteElo "1263"]
[BlackElo "1033"]
[PlyCount "78"]
[WhiteFideId "16222962"]
[BlackFideId "16267702"]
[EventCountry "GER"]
[EventRounds "9"]
[EventType "swiss"]
[EventDate "2019.06.08"]

1. e4 e5 2. Nf3 Nc6 3. Bc4 Bc5 4. c3 Nf6 5. d4 exd4 6. cxd4 Bb4+ 7. Bd2 Nxe4 8.
Bxb4 Nxb4 9. Bxf7+ Kxf7 10. Qb3+ d5 11. Qxb4 a5 12. Qb3 Re8 13. O-O b5 14. Nc3
Nxc3 15. Qxc3 b4 16. Qd2 Ba6 17. Rfe1 Qd6 18. Ne5+ Kg8 19. Qf4 Rf8 20. Qg4 Bc8
21. Qh4 Rf6 22. Re3 Rh6 23. Qg5 Qf8 24. Rf3 Rf6 25. Qe3 Rxf3 26. Nxf3 Bb7 27.
Qd3 h6 28. Re1 Ba6 29. Qg6 Qf7 30. Qg4 Re8 31. Rxe8+ Qxe8 32. Ne5 Qb5 33. Qe6+
Kh8 34. Ng6+ Kh7 35. Nf8+ Kh8 36. Ng6+ Kh7 37. Nf8+ Kh8 38. Ng6+ Kh7 39. Nf8+
Kh8 1/2-1/2

[Event "ODJM C 2019"]
[Site "Willingen GER"]
[Date "2019.06.10"]
[Round "3"]
[White "Scheerer, Amelie"]
[Black "Weidenhöfer, Ben"]
[Result "1-0"]
[Termination "normal"]
[Board "27"]
[WhiteElo "1054"]
[BlackElo "821"]
[PlyCount "79"]
[WhiteFideId "16275772"]
[BlackFideId "16273702"]
[EventCountry "GER"]
[EventRounds "9"]
[EventType "swiss"]
[EventDate "2019.06.08"]

1. e4 e5 2. Nf3 Nc6 3. Bc4 Bc5 4. c3 d6 5. d4 exd4 6. cxd4 Bb4+ 7. Bd2 Bxd2+ 8.
Nbxd2 Bg4 9. Qb3 Qf6 10. Bb5 a6 11. Ba4 b5 12. Bxb5 axb5 13. Qxb5 Bd7 14. Qb7
Rb8 15. Qxc7 Rxb2 16. d5 Rb7 17. Qxb7 Qxa1+ 18. Nb1 Nd4 19. O-O Nf6 20. Qb4
Nxf3+ 21. gxf3 Qxa2 22. Qxd6 Qb2 23. e5 Nh5 24. Qc7 Qb5 25. Nc3 Qb4 26. e6 Bb5
27. Nxb5 Qxb5 28. Qc8+ Ke7 29. Qxh8 Qe8 30. Qxh7 fxe6 31. dxe6 Kxe6 32. Re1+
Kf6 33. Rxe8 Kf7 34. Qxh5+ Kf6 35. Qh8 Kf7 36. Qf8+ Kg6 37. Re7 Kg5 38. Qxg7+
Kf5 39. Re5+ Kf4 40. Qg5+ 1-0

[Event "ODJM C 2019"]
[Site "Willingen GER"]
[Date "2019.06.10"]
[Round "3"]
[White "Prinzen, Per Henrik"]
[Black "Schwarz, David"]
[Result "0-1"]
[Termination "normal"]
[Board "28"]
[WhiteElo "833"]
[BlackElo "950"]
[PlyCount "76"]
[WhiteFideId "16287592"]
[BlackFideId "16287614"]
[EventCountry "GER"]
[EventRounds "9"]
[EventType "swiss"]
[EventDate "2019.06.08"]

1. e4 e5 2. Nf3 Nc6 3. Bc4 Bc5 4. c3 Nf6 5. d3 d6 6. Bg5 h6 7. Bh4 Qe7 8. O-O
Be6 9. Qe2 Bxc4 10. dxc4 O-O 11. Nbd2 Rad8 12. Qd3 Qe6 13. h3 Rd7 14. Rad1 Nh5
15. g3 Qxh3 16. Nh2 Qe6 17. Nb3 b6 18. Nxc5 bxc5 19. b3 g5 20. b4 cxb4 21. cxb4
Nxb4 22. Qd2 Na6 23. Bxg5 hxg5 24. Qxg5+ Qg6 25. Qh4 Nf6 26. f3 Kg7 27. g4 Rh8
28. Qf2 c6 29. Rc1 d5 30. cxd5 cxd5 31. Rfe1 dxe4 32. fxe4 Nxe4 33. Qg2 Nac5
34. Nf3 f6 35. a3 Ng5 36. Qg3 Nce4 37. Qg2 Nh3+ 38. Kh1 Nf4+ 0-1

[Event "ODJM C 2019"]
[Site "Willingen GER"]
[Date "2019.06.10"]
[Round "3"]
[White "Weiss, Adrian"]
[Black "Grunert, Greta"]
[Result "1-0"]
[Termination "normal"]
[Board "30"]
[WhiteElo "774"]
[BlackElo "861"]
[PlyCount "51"]
[WhiteFideId "16286022"]
[BlackFideId "16258649"]
[EventCountry "GER"]
[EventRounds "9"]
[EventType "swiss"]
[EventDate "2019.06.08"]

1. d4 d5 2. Nf3 c6 3. Bf4 Bf5 4. e3 Nf6 5. c4 Nh5 6. Bg3 Nxg3 7. hxg3 Nd7 8.
Nc3 dxc4 9. Bxc4 Nf6 10. Ne5 e6 11. g4 Be4 12. Nxe4 Nxe4 13. Qd3 Qa5+ 14. Kf1
Nf6 15. Qc3 Qb6 16. g5 Ne4 17. Qd3 Qxb2 18. Rb1 Nd2+ 19. Kg1 Nxb1 20. Qe2 Qa1
21. Qd1 Rd8 22. Kh2 Bc5 23. Qxb1 Qc3 24. Rc1 Qa5 25. Qxb7 Qd2 26. Qxf7# 1-0